| 000 | 00344nam a2200133Ia 4500 | ||
|---|---|---|---|
| 008 | 240624s9999 xx 000 0 und d | ||
| 041 | _aeng | ||
| 082 | _a005.74 IBM | ||
| 100 | _aIBM | ||
| 245 | _aDB2 UNIVERSAL DATABASE ADMINISTRATION FO | ||
| 260 |
_c2005 _aNew Delhi _bPrentice Hall-India |
||
| 300 | _axv, : 568 : p. : cm. ; 23 | ||
| 365 | _cRS | ||
| 999 |
_c3532 _d3532 |
||